000
00235nam a22000857a 4500
008
170608b xxu||||| |||| 00| 0 eng d
100
_9
3334
_a
Shankar
245
_a
Treasury of indian classics
260
_a
New Delhi
_b
Children's Book Trust
_c
1993
999
_c
6653
_d
6653